| 000 | 00793nam a2200277Ia 4500 | ||
|---|---|---|---|
| 001 | 2001 | ||
| 005 | 20240113233524.0 | ||
| 007 | ta | ||
| 008 | 050218s1985 a g b000 u eng u | ||
| 020 | _a0-03-070841-9 | ||
| 040 | _aCotton College,Assam | ||
| 041 | _aeng | ||
| 082 |
_a320.03 _bPl 69 Am |
||
| 100 | _aPlano, Jack C. | ||
| 245 | 0 |
_aAmerican Political Dictionary / _cJack C.Plano & Milton Greenberg. _hTextual Documents |
|
| 250 | _a7th ed. / | ||
| 260 |
_aNew York : _bHolt Rinehart & Winston , _c1985. |
||
| 300 |
_a595p. : _bill ; _c23cm . |
||
| 653 | _aDictionary-Political | ||
| 653 | _aAmerican Political-Dictionaries | ||
| 653 | _aReference-Dictionaries | ||
| 700 | _aGreenberg, Milton . | ||
| 942 |
_2ddc _cBK |
||
| 999 |
_c1994 _d1994 |
||